Survey reveals growing awareness over value of Energy Certificate recommendations (Record no. 81291)

MARC details
000 -LEADER
fixed length control field 01074cad a22002175a 4500
001 - CONTROL NUMBER
control field L146783
008 - FIXED-LENGTH DATA ELEMENTS--GENERAL INFORMATION
fixed length control field 090226e20090108xxk f 000 0 eng d
035 ## - SYSTEM CONTROL NUMBER
System control number (Sirsi) u146783
041 0# - LANGUAGE CODE
Language code of text/sound track or separate title eng
110 2# - MAIN ENTRY--CORPORATE NAME
Corporate name or jurisdiction name as entry element Chartered Institution of Building Services Engineers
9 (RLIN) 2360
245 00 - TITLE STATEMENT
Title Survey reveals growing awareness over value of Energy Certificate recommendations
Medium [electronic resource]
260 ## - PUBLICATION, DISTRIBUTION, ETC.
Date of publication, distribution, etc. 2009
490 #0 - SERIES STATEMENT
Series statement CIBSE Press Release
Volume/sequential designation 8 January 2009
520 ## - SUMMARY, ETC.
Summary, etc. Reports the results of a survey on the value of EPC recommendations carried out amongst property professionals. Reveals that there is growing awareness that the true value of the certificates is in the recommendations and that most property professionals would like a low cost standard certificate.
590 ## - LOCAL NOTE (RLIN)
Local note KA
650 24 - SUBJECT ADDED ENTRY--TOPICAL TERM
Topical term or geographic name entry element COMMERCIAL ENERGY PERFORMANCE CERTIFICATES
651 #4 - SUBJECT ADDED ENTRY--GEOGRAPHIC NAME
Geographic name United Kingdom
Chronological subdivision
690 ## - LOCAL SUBJECT ADDED ENTRY--TOPICAL TERM (OCLC, RLIN)
Topical term or geographic name as entry element BUILT ENVIRONMENT-SUSTAINABLE CONSTRUCTION
856 40 - ELECTRONIC LOCATION AND ACCESS
Uniform Resource Identifier <a href="https://www.cibse.org/index.cfm?go=news.view&item=58">https://www.cibse.org/index.cfm?go=news.view&item=58</a>
Public note View the item free of charge at www.cibse.org...
942 ## - ADDED ENTRY ELEMENTS (KOHA)
Suppress in OPAC 0
Holdings
Withdrawn status Lost status Source of classification or shelving scheme Damaged status Not for loan Home library Current library Shelving location Date acquired Total Checkouts Full call number Barcode Date last seen Copy number Price effective from Koha item type
    Dewey Decimal Classification     Virtual Virtual Online 26/02/2009   ONLINE PUBLICATION 146783-2001 06/08/2019 1 06/08/2019 Book